Score 0/10 Timer 02:00
1 Play Today
Mixed Word Car % Correct
TOVLVOLT
97.4%
VICCICIVIC
97.2%
FAELLEAF
89.5%
TELMENEELEMENT
75.7%
SODYEYSODYSSEY
74.6%
XINOQUEEQUINOX
74.2%
Car company made from first letter of answers:CHEVROLET
73.5%
GRENARRANGER
72.8%
DANERIGHLHHIGHLANDER
62.4%
SERAVRETTRAVERSE
57.2%

You're not logged in!

Compare scores with friends on all Sporcle quizzes.
OR
Log In

Sporcle TV

Today on Sporcle TV


Watch our educational content, quiz creation guides, and fun videos on Sporcle TV.

Show Comments

Extras

Top Quizzes Today


Score Distribution

Your Account Isn't Verified!

In order to create a playlist on Sporcle, you need to verify the email address you used during registration. Go to your Sporcle Settings to finish the process.

Report this User

Report this user for behavior that violates our Community Guidelines.

Details: